000 00587 a2200169 4500
020 _a002800762X
040 _aDLC
_bDLC
082 0 0 _a621.381
100 1 _aGrob, Bernard.
245 1 0 _aGrob basic electronics
_cBernard Grob.
250 _a7th ed.
260 _aLake Forest, Ill. :
_bGlencoe,
_cc1992.
300 _axi, 930 p., 16 p. of plates :
_bill. (some col.) ;
_c27 cm. +
_e1 computer disk (5 1/4 in.)
500 _aSystem requirements for computer disk: IBM PC; DOS; CGA card (VGA or EGA card required for color display).
650 0 _aElectronics.
942 _cBK
_k621.381 GRO
_2ddc
999 _c7979
_d7979